000 00471nam a2200169Ia 4500
008 131103s9999 xx 000 0 und d
040 _aLoreto College
041 _aEnglish
082 _aCHBK
_b#NAME?
100 _aAnand, Mulk Raj
245 2 _aA day in the life of Maya of Mohenjo - Daro
_cMulk Raj Anand
260 _aNew Delhi
_bChildren's Book Trust
_c[19?]
300 _a20p.
_b ill.
_c 21cm.
650 _aCHBK - I
850 _aLCBED/CHBK - I/ANA
942 _cBK
999 _c31607
_d82086